[Event "Balatonbereny op"]
[Site "Balatonbereny"]
[Date "1993.??.??"]
[Round "5"]
[White "Almasi, Zoltan"]
[Black "Chernyshov, Konstantin"]
[Result "1-0"]
[WhiteElo "2580"]
[BlackElo "2400"]

1.e4 g6 2.d4 Bg7 3.Nc3 d5 4.exd5 Nf6 5.Bc4 O-O 6.Nf3 Nbd7 7.Bb3 Nb6 8.O-O a5
9.a4 Nbxd5 10.Nxd5 Nxd5 11.h3 Ra6 12.Bg5 h6 13.Bh4 Bf5 14.Re1 Kh7 15.Ne5 Rd6
16.Qf3 c6 17.c3 Bf6 18.Bg3 Bg7 19.Nc4 Rd7 20.Rad1 Kg8 21.Bh2 Nf6 22.Ne5 Rd5
23.Bxd5 cxd5 24.Qe2 Bc8 25.f3 e6 26.b4 h5 27.g4 Nd7 28.Nxd7 Bxd7 29.b5 Qh4
30.Kg2 Rc8 31.Qe3 Rc4 32.Bg3 Qd8 33.gxh5 gxh5 34.Kh2 Kh7 35.Rg1 Bh6 36.Qd3+ f5
37.Rg2 Qc8 38.Be5 Rxc3 39.Qe2 Re3 40.Rg7+ Bxg7 41.Qxe3 Bh6 42.Bf4 Qc2+ 43.Rd2 Qc7
44.Bxc7 Bxe3 45.Rd3 f4 46.Be5  1-0

[Event "Barcelona UGA"]
[Site "Barcelona"]
[Date "1993.??.??"]
[Round "5"]
[White "Campos, Luis Maria"]
[Black "Gil Gonzales, Jose Manuel"]
[Result "1-0"]
[WhiteElo "2345"]
[BlackElo "2355"]

1.d4 g6 2.e4 Bg7 3.Nc3 Nc6 4.Be3 d6 5.h3 e5 6.Nf3 Nge7 7.dxe5 dxe5 8.Qxd8+ Nxd8
9.Nb5 Kd7 10.O-O-O+ Kc6 11.Rd3 Ne6 12.Rc3+ Kd7 13.Bc4 Nd4 14.Nbxd4 exd4 15.Bxd4 Bxd4
16.Nxd4 c5 17.Nb3 b6 18.Bxf7 Rf8 19.Rf3 Kc7 20.Nd2 Bb7 21.Re1 Rad8 22.Bc4 Rxf3
23.Nxf3 Rf8 24.Re2 h6 25.Ne5 g5 26.f3 Bc6 27.Rd2 Be8 28.Be6 Nc8 29.Bxc8 Kxc8
30.Rd6  1-0

[Event "Belgrade Trako"]
[Site "Belgrade"]
[Date "1993.??.??"]
[Round "9"]
[White "Paulic, Branko"]
[Black "Ivanov, Jordan"]
[Result "0-1"]
[WhiteElo "2250"]
[BlackElo "2420"]

1.e4 g6 2.d4 Bg7 3.Nc3 c5 4.d5 d6 5.Be2 Nf6 6.h4 h5 7.Bg5 a6 8.a4 Qa5 9.Bd2 Bh6
10.Bxh6 Rxh6 11.Qd2 Rh8 12.Ra3 Nbd7 13.Nh3 Ne5 14.Ng5 Bg4 15.f3 Bd7 16.f4 Neg4
17.Bxg4 Nxg4 18.O-O Rf8 19.Nf3 f6 20.Re1 O-O-O 21.Nd1 Qxd2 22.Nxd2 b5 23.axb5 axb5
24.Nf2 Nxf2 25.Kxf2 Kb7 26.Rea1 Ra8 27.Rxa8 Rxa8 28.Rxa8 Kxa8 29.c3 Kb7 30.b4 e6
31.dxe6 Bxe6 32.e5 cxb4 33.cxb4 fxe5 34.fxe5 dxe5 35.Nf3 Kc6 36.Nxe5+ Kd5
37.Nxg6 Kc4 38.Nf4 Bf7 39.Ke3 Kxb4 40.Kd4 Ka3 41.g4 hxg4 42.h5 b4 43.h6 Bg8
44.Nd5 b3 45.Nc3 Bh7 46.Nd1 Bc2 47.Ne3 g3  0-1

[Event "Berliner Sommer"]
[Site "Berlin"]
[Date "1993.??.??"]
[Round "6"]
[White "Genov, Petar"]
[Black "Hogenacker, Jacques"]
[Result "1-0"]
[WhiteElo "2435"]
[BlackElo "2270"]

1.d4 g6 2.e4 Bg7 3.Nc3 c5 4.d5 d6 5.f4 Nf6 6.Nf3 Na6 7.e5 dxe5 8.fxe5 Ng4
9.Bf4 g5 10.Bb5+ Kf8 11.Nxg5 Bxe5 12.Bxe5 Nxe5 13.Qh5 f6 14.O-O Nc7 15.Rae1 Ng6
16.d6 Qxd6 17.Qh6+ Kg8 18.Bc4+ e6 19.Nb5  1-0

[Event "Bischwiller op"]
[Site "Bischwiller"]
[Date "1993.??.??"]
[Round "?"]
[White "Kiss, Gergely"]
[Black "Van Dongen, Patrick"]
[Result "0-1"]
[WhiteElo "2160"]
[BlackElo "2160"]

1.e4 g6 2.d4 Bg7 3.Nc3 c5 4.d5 d6 5.Nf3 Nf6 6.Be2 O-O 7.O-O Na6 8.h3 Nc7
9.Bf4 b5 10.e5 dxe5 11.Nxe5 b4 12.Na4 Ncxd5 13.Bf3 Nxf4 14.Bxa8 Ba6 15.Qxd8 Rxd8
16.Bf3 Bxf1 17.Kxf1 Rd2 18.Rc1 Ne6 19.Nd3 Bh6 20.Naxc5 Nd4 21.c3 Nxf3 22.gxf3 Rxb2
23.Nxb2 Bxc1 24.Nbd3 Ba3 25.Nxb4 a5 26.Nbd3 Nd5 27.Na4 Kf8 28.c4 Nb4 29.Nxb4 Bxb4
30.Nb2 Bc3 31.Nd3 Bd4 32.Ke2 e6 33.Kd2 Ke7 34.Kc2 Kd6 35.Kb3 e5 36.Ka4 f5
37.Kb5 e4 38.fxe4 fxe4 39.c5+ Kc7 40.Nf4 Bxf2 41.Nd5+ Kc8 42.Kc4 Kb7 43.Nf6 e3
44.Kd3 h5 45.Nd5 g5 46.Nf6 h4 47.Ke2 Kc6 48.Ne4 Kd5 49.Kf3 Bg1 50.a3 Bf2
51.Nd6 Kxc5 52.Nb7+ Kb5 53.Nd6+ Ka4 54.Nc4 Kb5 55.Nd6+ Kc6 56.Nc4 a4 57.Nb2 Kb5
58.Kg2 Be1 59.Kf3 Bd2 60.Ke2 Ka5 61.Nc4+ Kb5 62.Nb2 g4  0-1

[Event "Bucharest schev"]
[Site "Bucharest"]
[Date "1993.??.??"]
[Round "?"]
[White "Khachian, Melikset"]
[Black "Barbu, Iulian"]
[Result "1-0"]
[WhiteElo "2415"]
[BlackElo "2285"]

1.e4 g6 2.d4 Bg7 3.Nc3 d5 4.exd5 Nf6 5.Bc4 Nbd7 6.Qf3 Nb6 7.Bb3 Bg4 8.Qg3 Bf5
9.Nf3 Nbxd5 10.Nxd5 Nxd5 11.O-O O-O 12.Qh4 h5 13.Bg5 f6 14.Bd2 e6 15.Rfe1 Qd7
16.h3 Rae8 17.Re2 Qf7 18.Rae1 g5 19.Bxg5 fxg5 20.Nxg5 Qg6 21.Nxe6 c6 22.Nxf8 Rxf8
23.c3 Kh7 24.Qg3 Qh6 25.Bxd5 cxd5 26.Re7 h4 27.Qc7 Rf6 28.Rxg7+  1-0

[Event "JUG-chT"]
[Site "Cetinje"]
[Date "1993.??.??"]
[Round "?"]
[White "Bojkovic, Natasa"]
[Black "Lelchuk, Zoja"]
[Result "1-0"]
[WhiteElo "2365"]
[BlackElo "2340"]

1.e4 g6 2.d4 Bg7 3.Nc3 c5 4.dxc5 Qa5 5.Bd2 Qxc5 6.Nd5 Na6 7.Nf3 Nf6 8.b4 Qd6
9.Bf4 Qe6 10.Ng5 Qc6 11.b5 Qc5 12.Be3 Qa3 13.Bd4 O-O 14.bxa6 Nxd5 15.exd5 Qa5+
16.c3 e5 17.Be3 Qxc3+ 18.Bd2 Qd4 19.Be3 Qc3+ 20.Bd2 Qd4 21.Rb1 Qxd5 22.Bb4 Qxd1+
23.Rxd1 d5 24.Bxf8 Bxf8 25.Rxd5 bxa6 26.Bd3 Bb4+ 27.Ke2 h6 28.Nf3 Be6 29.Rxe5 a5
30.a3 Bxa3 31.Rxa5 Bb4 32.Rb5 a5 33.Rc1 Re8 34.Kf1 Rd8 35.Ke2 g5 36.h3 Kg7
37.Rb6 Re8 38.Kf1 Rd8 39.Be2 h5 40.Rd1  1-0

[Event "Cuxhaven op"]
[Site "Cuxhaven"]
[Date "1993.??.??"]
[Round "6"]
[White "Borriss, Martin"]
[Black "Nedela, Vlastimil"]
[Result "1-0"]
[WhiteElo "2375"]
[BlackElo "2400"]

1.e4 g6 2.d4 Bg7 3.Nc3 Nc6 4.Be3 d6 5.f4 Nf6 6.Nf3 O-O 7.e5 Ng4 8.Bg1 dxe5
9.fxe5 Bh6 10.Qe2 Bg7 11.h3 Nh6 12.g4 a6 13.O-O-O b5 14.Kb1 b4 15.Na4 Be6
16.Be3 Qd5 17.b3 f5 18.Bg2 Qa5 19.Nc5 Bd5 20.Ng5 Bxg2 21.Qxg2 Na7 22.Nge6 f4
23.Bxf4 Nb5 24.Bd2 Nxd4 25.Bxh6 Nb5 26.Bxg7 Nc3+ 27.Kc1 Qa3+ 28.Kd2 Rad8+
29.Nd3 Rf2+ 30.Qxf2 Ne4+ 31.Ke3 Nxf2 32.Kxf2 Rc8 33.Bh6 Kf7 34.Ndc5 Qb2 35.Nd4 Rd8
36.Nce6 Rd5 37.Rhf1 Rxd4 38.Nxd4 g5 39.Bxg5 c5 40.Nf3 Qxc2+ 41.Rd2 Qe4 42.e6+ Qxe6
43.Re1  1-0

[Event "Cuxhaven op"]
[Site "Cuxhaven"]
[Date "1993.??.??"]
[Round "8"]
[White "Mowsziszian, Karen"]
[Black "Schulz, Michael"]
[Result "1-0"]
[WhiteElo "2480"]
[BlackElo "2335"]

1.e4 g6 2.d4 Bg7 3.Nc3 d5 4.exd5 c6 5.dxc6 Nxc6 6.d5 Nb4 7.Bb5+ Bd7 8.Bc4 Qc7
9.Bb3 Bxc3+ 10.bxc3 Qxc3+ 11.Bd2 Qc5 12.Nf3 Nxd5 13.O-O Ngf6 14.Ne5 Be6 15.Bh6 O-O-O
16.Qf3 Nd7 17.Nd3 Qc6 18.Rfe1 Nc7 19.Qg3 Rhe8 20.Rac1 Na6 21.Qh4 Nac5 22.Bg5 f6
23.Be3 g5 24.Qb4 Na6 25.Qa5 Nb6 26.Nc5 Nc4 27.Qc3 Nxc5 28.Bxc5 Qxc5 29.Rxe6 Rd4
30.Rce1 Rf4 31.R1e2 Qd4 32.Qe1 Ne5 33.Rd2 Qc5 34.Rd5 Qc7 35.Qe3 Kb8 36.g3 Rf3
37.Qe4 g4 38.Rb5 Rd8 39.Bd5 b6 40.Qa4 Kc8 41.Rxe5 Rxf2 42.Qa6+ Kd7 43.Rc5 bxc5
44.Rxe7+  1-0

[Event "Eger op"]
[Site "Eger"]
[Date "1993.??.??"]
[Round "9"]
[White "Vajda, Levente"]
[Black "Kaposztas, Miklos"]
[Result "0-1"]
[WhiteElo "2135"]
[BlackElo "2265"]

1.e4 g6 2.d4 Bg7 3.Nc3 c5 4.dxc5 Qa5 5.Ne2 Nf6 6.Bd2 Qxc5 7.Be3 Qa5 8.Qd2 Nc6
9.Nd4 Nxe4 10.Nxc6 Qxc3 11.bxc3 Nxd2 12.Nxe7 Nxf1 13.Kxf1 Kxe7 14.Re1 Kd8  0-1

[Event "Farum op"]
[Site "Farum"]
[Date "1993.??.??"]
[Round "4"]
[White "De Firmian, Nick E"]
[Black "Fries Nielsen, Jens Ove"]
[Result "1/2-1/2"]
[WhiteElo "2545"]
[BlackElo "2375"]

1.e4 g6 2.d4 Bg7 3.Nc3 Nc6 4.d5 Nd4 5.Be3 c5 6.Na4 d6 7.c3 e5 8.cxd4 exd4
9.Bd2 Nf6 10.f3 O-O 11.Bd3 Qe8 12.Bf4 Nxd5 13.Bxd6 Ne3 14.Qe2 Qxa4 15.Bxc5 Rd8
16.Kf2 Be6 17.Be7 Rdc8 18.f4 Qd7 19.Bb4 Bc4 20.Bd2 Bxd3 21.Qxd3 Qg4 22.g3 Nd1+
23.Kg2 Nxb2 24.Qb3 Nc4 25.Rd1 Qe6 26.e5 Qc6+ 27.Nf3 b5 28.Rhe1 Rd8 29.Bc1 Rd7
30.Rd3 Rad8 31.g4 f6  1/2-1/2

[Event "BL2-S9293"]
[Site "Germany"]
[Date "1993.??.??"]
[Round "?"]
[White "Vatter, Hans Joachim"]
[Black "Schulz, Karsten"]
[Result "1/2-1/2"]
[WhiteElo "2280"]
[BlackElo "2340"]

1.e4 g6 2.d4 Bg7 3.Nc3 d5 4.exd5 c6 5.Bc4 cxd5 6.Bxd5 e6 7.Bf3 Qxd4 8.Qxd4 Bxd4
9.Nge2 Be5 10.Bf4 Nd7 11.Nb5 Ke7 12.O-O-O Bxf4+ 13.Nxf4 Ne5 14.Be2 Bd7 15.Rhe1 Nf6
16.Nd4 Nc6 17.Bf3 Rac8 18.Nxc6+ Bxc6 19.Bxc6 Rxc6 20.Nd5+  1/2-1/2

[Event "BL2-W9293"]
[Site "Germany"]
[Date "1993.??.??"]
[Round "?"]
[White "Buchal, Stephan"]
[Black "Alber, Horst"]
[Result "1/2-1/2"]
[WhiteElo "2305"]
[BlackElo "2315"]

1.e4 g6 2.d4 Bg7 3.Nc3 a6 4.f4 b5 5.Nf3 d6 6.Bd3 Nd7 7.e5 Bb7 8.O-O Nh6 9.Ng5 c5
10.e6 Bxd4+ 11.Kh1 Nf6 12.Nxb5 axb5 13.Bxb5+ Kf8 14.c3 Qb6 15.a4 Bd5 16.cxd4 cxd4
17.exf7 Nf5 18.Ra3 h6 19.Nf3 Kxf7 20.Bd3 Ne3 21.Bxe3 dxe3 22.Qe2 Rab8 23.Bb5  1/2-1/2

[Event "HUN-chT"]
[Site "HUN"]
[Date "1993.??.??"]
[Round "?"]
[White "Rovid, Kalman"]
[Black "Czuczai, Jeno"]
[Result "1/2-1/2"]
[WhiteElo "2325"]
[BlackElo "2250"]

1.e4 g6 2.d4 Bg7 3.Nc3 c5 4.Nf3 Nc6 5.d5 Nd4 6.Nxd4 cxd4 7.Nb5 Qb6 8.a4 a6
9.Na3 d6 10.Bd3 Nf6 11.O-O O-O 12.Bd2 Nd7 13.Nc4 Qc5 14.a5 Ne5 15.b4 Qc7
16.Nb6 Rb8 17.Qe2 e6 18.f4 Nd7 19.f5 Nxb6 20.axb6 Qe7 21.Qf2 exf5 22.exf5 Bxf5
23.Bxf5 gxf5 24.Qxf5 Be5 25.Ra3 f6 26.c4 dxc3 27.Bxc3 Rbc8 28.Bxe5 fxe5 29.Qg4+ Kh8
30.Raf3 Qg7 31.Qxg7+ Kxg7 32.Rg3+ Kh8 33.Rxf8+ Rxf8 34.Rc3 Rf7 35.Rc8+ Kg7
36.Rd8 Rf4 37.Rxd6 Rxb4 38.Rd7+ Kf8 39.Rxb7 h5 40.Rb8+ Ke7 41.b7 Kd7 42.Ra8 Rxb7
43.Rxa6 Rb5 44.Rh6 Rxd5 45.Rxh5 Ke6 46.g4 Rd2 47.Rf5 e4 48.h3 Kd6 49.Rf8 Ke5
50.g5 e3 51.h4 Rd4 52.Rh8 Rf4 53.Kg2 e2 54.Re8+ Kf5 55.Kg3 Rg4+ 56.Kf3 Rxh4
57.Rxe2 Rf4+ 58.Ke3 Re4+ 59.Kf3  1/2-1/2

[Event "Jakarta Interzonal (Women)"]
[Site "Jakarta"]
[Date "1993.??.??"]
[Round "?"]
[White "Safranska, Anda"]
[Black "Uskova, Fliura"]
[Result "1/2-1/2"]
[WhiteElo "2290"]
[BlackElo "2260"]

1.e4 g6 2.d4 Bg7 3.Nc3 Nc6 4.Be3 d5 5.e5 f6 6.f4 Nh6 7.Qd2 fxe5 8.fxe5 Nf5
9.Nf3 Nxe3 10.Qxe3 Bf5 11.O-O-O Nb4 12.Rd2 a5 13.Be2 O-O 14.h3 e6 15.a3 Nc6
16.g4 Be4 17.Nxe4 dxe4 18.Ng5 Bh6 19.h4 Qe7 20.Kb1 Nd8 21.Qxe4 Bxg5 22.hxg5 Qxg5
23.Rd3 c6 24.Rdh3 Rf7 25.Bd3 Rg7 26.Bc4 Rc8 27.a4 Rcc7 28.Rh4 Rcf7 29.Qe1 Rf4
30.Qxa5 Rxd4 31.Qc5 Rgd7 32.Bd3 Rxa4 33.Rh6 b6 34.Qc3 Rda7 35.b3 Ra1+ 36.Qxa1 Rxa1+
37.Kxa1 Qxe5+ 38.Kb1 Qg7 39.R6h2 Nf7 40.Bc4 Ng5 41.Re2 Qd4 42.Bxe6+ Nxe6
43.Rxe6 Qxg4 44.Re7 h5 45.Rhe1 h4 46.Rc7 Kf8 47.Rf1+  1/2-1/2

[Event "Loosdorf op"]
[Site "Loosdorf"]
[Date "1993.??.??"]
[Round "2"]
[White "Lanc, Alois"]
[Black "Zyla, Winfried"]
[Result "1-0"]
[WhiteElo "2445"]
[BlackElo "2240"]

1.e4 g6 2.d4 Bg7 3.Nc3 Nc6 4.d5 Nd4 5.Nb1 c6 6.c3 Nb5 7.Nf3 d6 8.Bxb5 cxb5
9.Be3 Nf6 10.Nbd2 O-O 11.h3 Nd7 12.O-O Nc5 13.Qe2 a6 14.Bd4 f6 15.Qe3 Nd7
16.Nh4 Qe8 17.f4 Bh6 18.Qg3 Bg7 19.f5 g5 20.Nhf3 Kf7 21.h4 h6 22.hxg5 hxg5
23.Nxg5+ fxg5 24.Bxg7 Kxg7 25.Qxg5+ Kh7 26.Kf2 Nf6 27.Rh1+  1-0

[Event "Munich op9293"]
[Site "Munich"]
[Date "1993.??.??"]
[Round "6"]
[White "Tagnon, Nicole"]
[Black "Hornung, Hans"]
[Result "1-0"]
[WhiteElo "2130"]
[BlackElo "2300"]

1.e4 g6 2.d4 Bg7 3.Nc3 a6 4.h4 Nc6 5.Be3 e5 6.d5 Nd4 7.h5 c5 8.dxc6 dxc6
9.Qd2 Be6 10.Nge2 Nxe2 11.Bxe2 Qxd2+ 12.Bxd2 Bh6 13.Bxh6 Nxh6 14.O-O-O g5
15.Na4 Rd8 16.Rxd8+ Kxd8 17.Nc5 Bc8 18.g3 Ke7 19.Rd1 Rd8 20.Rxd8 Kxd8 21.f3 a5
22.Kd2 Ke7 23.a3 f6 24.Ke3 Nf7 25.Bc4 Nd6 26.Bg8 h6 27.Nd3 Ne8 28.Bh7 Ng7
29.Bg6 b6 30.Nf2 Be6 31.f4 Kd6 32.f5 Bc4 33.Ng4 Ke7 34.Nxh6 c5 35.Ng4 Nxh5
36.Bxh5 a4 37.Nf2 Bg8 38.Be2 c4 39.Nd1 Kd6 40.Nc3 Kc5 41.Nxa4+  1-0

[Event "Odorheiu Secuiesc op"]
[Site "Odorheiu Secuiesc"]
[Date "1993.??.??"]
[Round "3"]
[White "Nisipeanu, Liviu Dieter"]
[Black "Bartha, Andrei"]
[Result "1/2-1/2"]
[WhiteElo "2395"]
[BlackElo "2205"]

1.e4 g6 2.d4 Bg7 3.Nc3 Nc6 4.d5 Nd4 5.Nce2 Nxe2 6.Bxe2 d6 7.Bb5+ c6 8.Bc4 Nf6
9.Qe2 O-O 10.Nf3 b5 11.Bb3 a5 12.dxc6 a4 13.Bd5 Rb8 14.a3 Qc7 15.O-O e6 16.Ba2 Qxc6
17.e5 dxe5 18.Nxe5 Qc7 19.Nd3 Bb7 20.Bf4 Qc6 21.f3 Rbc8 22.c3 Nd5 23.Be5 Qb6+
24.Kh1 Rfd8 25.Bxg7 Kxg7 26.Rfe1 Rd6 27.Rad1 Rcd8 28.h3 f6 29.Bb1 e5 30.Bc2 h5
31.h4 R8d7 32.Kh2 Re7 33.Nf2 Nf4 34.Rxd6 Qxd6 35.Rd1 Qc7 36.Qd2 e4 37.Nxe4 Bxe4
38.fxe4 g5  1/2-1/2

[Event "Odorheiu Secuiesc-B"]
[Site "Odorheiu Secuiesc"]
[Date "1993.??.??"]
[Round "7"]
[White "Vajda, Albert"]
[Black "Ardeleanu, Alin"]
[Result "1/2-1/2"]
[WhiteElo "2180"]
[BlackElo "2385"]

1.e4 g6 2.d4 Bg7 3.Nc3 c5 4.dxc5 Qa5 5.Bd2 Qxc5 6.Nd5 Na6 7.Bxa6 bxa6 8.Nf3 d6
9.O-O Bb7 10.Be3 Qc8 11.c3 Nf6 12.Re1 Nxd5 13.exd5 O-O 14.Bd4 Qc4 15.Rxe7 Bxd5
16.b3 Qc6 17.Bxg7 Kxg7 18.Qd4+ Kg8 19.Ng5 h6 20.c4 hxg5 21.cxd5 Qc2 22.Rae1 Qf5
23.g4 Qc2 24.R1e3 Qc5 25.Qf6 Qxd5 26.R7e4 Qd1+ 27.Re1 Qd2 28.R1e3 Qd1+ 29.Kg2 Qd5
30.Kf1 Rac8 31.Re1 Qd3+ 32.Kg1 Qd5 33.R4e3 Qd2 34.Kg2 Qd5+ 35.Kg1 Qd2 36.Qxg5 d5
37.R1e2 Rc1+ 38.Kg2 Qd1  1/2-1/2

[Event "World op"]
[Site "Philadelphia"]
[Date "1993.??.??"]
[Round "7"]
[White "Dunne, Alex"]
[Black "Fang, Christopher"]
[Result "1-0"]
[WhiteElo "2245"]
[BlackElo "2220"]

1.d4 g6 2.e4 Bg7 3.Nc3 c5 4.Be3 Qa5 5.Nf3 Nf6 6.Qd2 cxd4 7.Nxd4 Nc6 8.Nb3 Qc7
9.f3 a5 10.Nb5 Qd8 11.Qf2 a4 12.Bb6 axb3 13.cxb3 O-O 14.Bxd8 Rxd8 15.Bc4 d5
16.Nc7 dxc4 17.Nxa8 cxb3 18.axb3 Nb4 19.Qb6 Nc2+ 20.Ke2 Rd6 21.Qc7 Rc6 22.Qd8+ Bf8
23.Nb6 Rxb6 24.Qxb6 Bd7 25.Ra8  1-0

[Event "Porz op29"]
[Site "Porz"]
[Date "1993.??.??"]
[Round "3"]
[White "Krug, Reinhard"]
[Black "Cmiel, Thorsten"]
[Result "1/2-1/2"]
[WhiteElo "2015"]
[BlackElo "2285"]

1.d4 g6 2.e4 Bg7 3.Nc3 c5 4.d5 d6 5.Nf3 Nf6 6.Be2 Na6 7.O-O O-O 8.h3 Nc7
9.a4 Rb8 10.Re1 e5 11.dxe6 fxe6 12.e5 dxe5 13.Be3 b6 14.Nxe5 Bb7 15.Bg5 Qd4  1/2-1/2

[Event "Porz op29"]
[Site "Porz"]
[Date "1993.??.??"]
[Round "3"]
[White "Voigt, Martin"]
[Black "Meis, Carsten"]
[Result "1-0"]
[WhiteElo "2305"]
[BlackElo "1885"]

1.e4 g6 2.d4 Bg7 3.Nc3 c5 4.Nge2 Na6 5.g3 d6 6.Bg2 cxd4 7.Nxd4 Qb6 8.Nde2 Nf6
9.h3 Be6 10.Nd5 Nxd5 11.exd5 Bf5 12.O-O Rc8 13.c3 O-O 14.g4 Bd7 15.Bg5 Qxb2
16.Rb1 Qxa2 17.Re1 Nc5 18.Nd4 Ba4 19.Qf3 e5 20.Ra1 Qc4 21.Bf1 e4 22.Bxc4 exf3
23.Be7 Rfe8 24.Bxd6 Ne4 25.Rxe4 Rxe4 26.Bd3 Rxd4 27.cxd4 b5 28.Be5 Rd8 29.Be4 Bb3
30.d6 f6 31.Bf4 f5 32.Bc6 Bxd4 33.Re1 Bb6 34.d7 Bf7 35.Bxb5 fxg4 36.hxg4 Kg7
37.Bg5 Rb8 38.Bf4 Rd8 39.g5 Kf8 40.Bd6+ Kg7 41.Be5+ Kf8 42.Bf6 Rb8 43.Bc6 Ba5
44.Re5 Bc7 45.Rb5 Rxb5 46.Bxb5 Be6 47.d8=Q+ Bxd8 48.Bxd8 Kg7 49.Bf6+ Kf7
50.Bd4 Bd5 51.Bxa7 Ke6 52.Be3 Kf5 53.Bd7+ Ke4 54.Kh2 Kd3 55.Kg3 Ke4 56.Bg4 Ke5
57.Bxf3 Bxf3 58.Kxf3 Kf5 59.Bf4  1-0

[Event "CRO-Cup"]
[Site "Pula"]
[Date "1993.??.??"]
[Round "1"]
[White "Zelcic, Robert"]
[Black "Slogar, Dubravko"]
[Result "1/2-1/2"]
[WhiteElo "2450"]
[BlackElo "2320"]

1.e4 g6 2.d4 Bg7 3.Nc3 c5 4.Be3 Qa5 5.Nf3 Nf6 6.Qd2 cxd4 7.Bxd4 O-O 8.Nd5 Qxd2+
9.Nxd2 Nxd5 10.Bxg7 Kxg7 11.exd5 d6 12.O-O-O Nd7 13.Re1 Re8 14.Ne4 Nf6 15.h4 Bf5
16.Nxf6 Kxf6 17.Kd2 Rac8 18.c4 e6 19.dxe6 Bxe6 20.Rc1 Rc7 21.Bd3 Rec8 22.b3 d5
23.cxd5 Rxc1 24.Rxc1 Rxc1 25.Kxc1 Bxd5 26.g3 Ke5 27.Kd2 Kd4 28.h5 gxh5 29.Bxh7 Be4
30.Bxe4 Kxe4 31.Ke2 a6 32.a3 b6 33.f3+ Kd4 34.Kd2 f6 35.b4 b5 36.f4 f5 37.Ke2 Ke4
38.Kf2 Kd3 39.Kf3 Kc3 40.Ke3 Kb3 41.Kd4 Kxa3 42.Ke5 Kxb4 43.Kxf5 Kc4 44.Kg5 b4
45.f5 b3 46.f6 b2 47.f7 b1=Q 48.f8=Q  1/2-1/2

[Event "St Petersburg op"]
[Site "St Petersburg"]
[Date "1993.??.??"]
[Round "?"]
[White "Sivokho, Sergey"]
[Black "Galdunts, Sergey"]
[Result "0-1"]
[WhiteElo "2340"]
[BlackElo "2450"]

1.e4 g6 2.d4 Bg7 3.Nc3 a6 4.f4 b5 5.Nf3 Bb7 6.Bd3 d6 7.O-O c5 8.dxc5 dxc5
9.e5 f5 10.Be3 Qc8 11.Be2 Nd7 12.Bf2 Nf8 13.Nd5 Qc6 14.c4 e6 15.Nc3 b4 16.Na4 Nd7
17.Ne1 Rc8 18.Bf3 Qc7 19.Bxb7 Qxb7 20.Nd3 Bf8 21.Qd2 Nh6 22.h3 Nf7 23.a3 a5
24.axb4 axb4 25.b3 Be7 26.Rad1 g5 27.fxg5 Nxg5 28.Qe2 Nxh3+ 29.gxh3 Rg8+
30.Bg3 Rxg3+ 31.Kh2 Rg5 32.Rg1 Qe4 33.Qxe4 fxe4 34.Nf4 Rxe5 35.Rg7 Nf8 36.Kg3 Bf6
37.Nb6 Rb8 38.Nd7 Bxg7 39.Nxb8 Rg5+ 40.Kf2 Rf5 41.Ke3 Bh6 42.Kxe4 Rxf4+ 43.Ke5 Rf5+
44.Ke4 Ng6 45.Nc6 Rf4+ 46.Kd3 Kd7  0-1

[Event "Vinkovci"]
[Site "Vinkovci"]
[Date "1993.??.??"]
[Round "9"]
[White "Kozul, Zdenko"]
[Black "Smuk, Zelimir"]
[Result "1-0"]
[WhiteElo "2595"]
[BlackElo "2295"]

1.d4 g6 2.e4 Bg7 3.Nc3 c5 4.d5 d6 5.h3 Nf6 6.Nf3 Bd7 7.a4 O-O 8.Bc4 Na6 9.O-O Nb4
10.Bf4 Qc8 11.Re1 Rd8 12.Bf1 e5 13.Be3 Nh5 14.Nd2 Nf4 15.Nc4 Be8 16.Qd2 a6
17.Nb6 Qc7 18.a5 Rab8 19.Nd1 Bb5 20.Bxf4 exf4 21.c3 Be5 22.cxb4 c4 23.Rc1  1-0

[Event "Wiesbaden op"]
[Site "Wiesbaden"]
[Date "1993.??.??"]
[Round "9"]
[White "Schnitzspan, Lothar"]
[Black "Joksic, Sinisa"]
[Result "1-0"]
[WhiteElo "2295"]
[BlackElo "2325"]

1.d4 g6 2.e4 Bg7 3.Nc3 c5 4.d5 d6 5.Bb5+ Bd7 6.a4 Nf6 7.Nf3 O-O 8.Nd2 Na6
9.O-O Nc7 10.Bxd7 Nxd7 11.Nc4 a6 12.a5 Nb5 13.Na4 Qc7 14.Bg5 Rae8 15.Qd2 e5
16.dxe6 Rxe6 17.f3 Qc6 18.Ne3 f5 19.exf5 gxf5 20.Kh1 Rfe8 21.Nxf5 Re2 22.Qf4 d5
23.c4 dxc4 24.Qxc4+ Qe6 25.Qxe6+ R8xe6 26.Nxg7 Kxg7 27.Rad1 Nd4 28.b4 Rg6
29.Bf4 Nf6 30.Nxc5 Nc2 31.g4 Nxb4 32.Rd2 Rxd2 33.Bxd2 Nc6 34.Rb1 Nd5 35.Rxb7+ Kf6
36.Nd7+  1-0

[Event "Zaragoza"]
[Site "Zaragoza"]
[Date "1993.??.??"]
[Round "9"]
[White "Melendez Fierro, Juan"]
[Black "Gil Capape, Javier"]
[Result "1/2-1/2"]
[WhiteElo "2330"]
[BlackElo "2425"]

1.e4 g6 2.d4 Bg7 3.Nc3 Nc6 4.Be3 d5 5.exd5 Nb4 6.Bb5+ Bd7 7.Bc4 Bf5 8.Bb3 Nf6
9.Qd2 Nbxd5 10.Nxd5 Nxd5 11.Bh6 Bxh6 12.Qxh6 Qd6 13.Ne2 a5 14.O-O a4 15.Bxd5 Qxd5
16.c3 Qb5  1/2-1/2

[Event "Aarhus-A"]
[Site "Aarhus"]
[Date "1994.??.??"]
[Round "1"]
[White "Ochsner, Thomas"]
[Black "Pedersen, Jan"]
[Result "0-1"]
[WhiteElo "2290"]
[BlackElo "2305"]

1.e4 g6 2.d4 Bg7 3.Nc3 Nc6 4.d5 Nb8 5.Be3 d6 6.Qd2 c6 7.O-O-O Qa5 8.Nge2 c5
9.Kb1 Na6 10.Ng3 Bd7 11.h4 h5 12.f4 Nh6 13.Be2 Ng4 14.Bxg4 Bxg4 15.Nce2 Qa4
16.Rdf1 f5 17.exf5 gxf5 18.Re1 O-O-O 19.Bf2 Rhe8 20.Nc1 Nc7 21.Re3 Qxf4 22.Rf1 Qd4
23.Qxd4 cxd4 24.Rd3 Nxd5 25.Bxd4 Bxd4 26.Rxd4 Ne3 27.Rf2 e5 28.Rd3 f4 29.Ne4 d5
30.Nf6 Re6 31.Nxg4 hxg4 32.Ne2 g3  0-1

[Event "Akureyri"]
[Site "Akureyri"]
[Date "1994.??.??"]
[Round "?"]
[White "Berg, Klaus"]
[Black "Kristjansson, Olafur"]
[Result "1/2-1/2"]
[WhiteElo "2440"]
[BlackElo "2235"]

1.d4 g6 2.e4 Bg7 3.Nc3 d5 4.exd5 Nf6 5.Bc4 Nbd7 6.Bb3 Nb6 7.Bg5 Nbxd5 8.Nxd5 Nxd5
9.Qf3 c6 10.Ne2 O-O 11.O-O a5 12.a4 Be6 13.Rad1 Qd7 14.h3 h6 15.Bc1 b5 16.Rfe1 bxa4
17.Bxa4 Rfc8 18.c4 Nb6 19.d5 Bg4 20.hxg4 Nxa4 21.b3 Nb6 22.Be3 c5 23.Nf4 Qb7
24.Nd3 Nd7 25.Bxh6 Bxh6 26.Rxe7 Rf8 27.Nxc5 Nxc5 28.Rxb7 Nxb7 29.d6 Rab8
30.d7 Rfd8 31.Qc6 Bf8 32.Rd5 Nc5 33.Qc7 Ne6 34.Qxa5 Rxb3 35.c5 Rb1+ 36.Kh2 Rc1
37.Re5 Rxc5 38.Rxc5 Bxc5 39.Qa2 Rxd7 40.Qa8+ Kg7 41.Qa1+ Bd4 42.Qe1 Rb7 43.Qe4 Rb2
44.f4 Rb4 45.Qe1 Rb5 46.Qe4 Rb3 47.g3 Bf2 48.f5 Bxg3+ 49.Kh1 Nf4 50.fxg6 Nxg6
51.Qd4+ Be5 52.Qe4 Rg3 53.Qc4 Rf3 54.Qe4 Rf4 55.Qe2 Rb4 56.Qc2 Bf6 57.Qd1 Ne5
58.Qd6 Rxg4 59.Qd1 Rg5 60.Qe2 Ng6 61.Qe4 Nh4 62.Qc2 Bd4 63.Qe4 Bf6 64.Qe2 Rg3
65.Qe4 Rg5  1/2-1/2

[Event "AUT-chT"]
[Site "?"]
[Date "1994.??.??"]
[Round "?"]
[White "Kwatschewsky, Leo"]
[Black "Roth, Peter"]
[Result "0-1"]
[WhiteElo "2300"]
[BlackElo "2290"]

1.e4 g6 2.d4 Bg7 3.Nc3 a6 4.a4 d6 5.Be3 Nd7 6.Nf3 Ngf6 7.h3 O-O 8.Qd2 c5
9.dxc5 Nxc5 10.e5 Nfe4 11.Nxe4 Nxe4 12.Qb4 Nc5 13.Rd1 Qc7 14.exd6 exd6 15.Be2 Re8
16.O-O Bf6 17.c4 Re7 18.Nd4 Bd7 19.a5 Ba4 20.b3 Bc6 21.Qa3 Rae8 22.Nxc6 bxc6
23.Bf3 Rxe3 24.fxe3 Rxe3 25.Rb1 Nd3 26.Qa4 Bd4 27.Kh1 Ne5 28.Qa2 Qd7 29.Qd2 Nxf3
30.Rxf3 Rxf3 31.Qxd4 Rf5 32.b4 h5 33.Rd1 Kh7 34.Qb6 Qc8 35.Rxd6 Rf1+ 36.Kh2 Qe8
37.Qd4 Qe1 38.g4 Rh1+ 39.Kg2 Qf1+  0-1

[Event "AUT-chT"]
[Site "?"]
[Date "1994.??.??"]
[Round "?"]
[White "Hinteregger, Arthur"]
[Black "Frosch, Erich"]
[Result "0-1"]
[WhiteElo "2180"]
[BlackElo "2240"]

1.e4 g6 2.d4 Bg7 3.Nc3 c5 4.Nf3 cxd4 5.Nxd4 Nc6 6.Be3 d6 7.Be2 Bd7 8.O-O Nf6
9.Nb3 O-O 10.f4 Rc8 11.Kh1 Qc7 12.Qe1 Qb8 13.Qh4 b5 14.Bf3 a5 15.a4 Nb4 16.e5 Ne8
17.Nd4 dxe5 18.Ndxb5 Bxb5 19.Nxb5 Rxc2 20.Qxe7 Bf6 21.Qd7 exf4 22.Bd4 Bxd4
23.Qxd4 Ng7 24.Rad1 Nf5 25.Qf6 Ne3 26.Nd4 Rc5 27.Rc1 Qe5 28.Qxe5 Rxe5 29.Rfe1 Nd3
30.Nc6 Re6 31.Nxa5 Nxe1 32.Rxe1 Rb8 33.Nc6 Rxb2 34.Ra1 Nc2 35.Rc1 Re1+ 36.Rxe1 Nxe1
37.Be4 Re2 38.Bd5 Rd2 39.Kg1 Kg7 40.Bc4 Nxg2  0-1

[Event "Berliner Sommer"]
[Site "Berlin"]
[Date "1994.??.??"]
[Round "?"]
[White "Walter, G."]
[Black "Schulz, Karsten"]
[Result "0-1"]
[WhiteElo "2220"]
[BlackElo "2330"]

1.e4 g6 2.d4 Bg7 3.Nc3 d5 4.Nxd5 c6 5.Ne3 Qxd4 6.Qxd4 Bxd4 7.Nf3 Bg7 8.a4 Nf6
9.Bd3 Nbd7 10.e5 Nd5 11.Nxd5 cxd5 12.Bb5 O-O 13.Bf4 f6 14.exf6 Rxf6 15.Be3 a6
16.Be2 e5 17.Rd1 d4 18.Bc4+ Kh8 19.Bg5 Rc6 20.Bd5 Rxc2 21.h4 Nf6 22.Bb3 Rxb2
23.Bc4 Ne4 24.h5 gxh5 25.Bc1 Nxf2 26.Bxb2 Nxh1 27.Ng5 Bf6 28.Nf7+ Kg7 29.Bc1 Bg4
30.Bh6+ Kg6 31.Rb1 Rc8 32.Bd5 Rc7 33.Kd2 Ng3 34.Rb6 Rxf7 35.Bxf7+ Kxf7 36.Rxb7+ Kg6
37.Bf8 Bg5+ 38.Kd3 Be2+  0-1

[Event "GER-ch"]
[Site "Binz"]
[Date "1994.??.??"]
[Round "7"]
[White "Dittmar, Peter"]
[Black "Troyke, Christian"]
[Result "1/2-1/2"]
[WhiteElo "2285"]
[BlackElo "2355"]

1.d4 g6 2.e4 Bg7 3.Nc3 c5 4.d5 d6 5.Nf3 Nf6 6.Be2 O-O 7.O-O e6 8.Bc4 exd5
9.Nxd5 Nxd5 10.Bxd5 Nc6 11.c3 Ne5 12.Nxe5 dxe5 13.Be3 Qe7 14.Qa4 Rd8 15.Rad1 Bf8
16.Rd2 Bd7 17.Qa3 Be8 18.Rfd1 Kg7 19.c4 Qc7 20.Qc3 Be7 21.Rd3 f6  1/2-1/2